Minister in Bayern (2024) - Statistiken

Allgemein
  • Dieses Quiz wurde 169 mal gespielt
  • Das Durchschnittsergebnis liegt bei 10 aus 15
Antwortstatistiken
Hint Antwort % Korrekt
Ministerpräsident (CSU) Markus Söder
98%
Wirtschaft, Landesentwicklung und Energie (FW) Hubert Aiwanger
90%
Inneres, Sport und Integration (CSU) Joachim Herrmann
81%
Leiter der Staatskanzlei und Staatsminister für Bundesangelegenheiten und Medien (CSU) Florian Herrmann
77%
Ernährung, Landwirtschaft, Forsten und Tourismus (CSU) Michaela Kaniber
67%
Finanzen und Heimat (CSU) Albert Füracker
65%
Wissenschaft und Kunst (CSU) Markus Blume
59%
Unterricht und Kultus (FW) Anna Stolz
57%
Familie, Arbeit und Soziales (CSU) Ulrike Scharf
57%
Gesundheit, Pflege und Prävention (CSU) Judith Gerlach
54%
Justiz (CSU) Georg Eisenreich
52%
Digitales (FW) Fabian Mehring
51%
Umwelt und Verbraucherschutz (FW) Thorsten Glauber
51%
Wohnen, Bau und Verkehr (CSU) Christian Bernreiter
48%
Staatsminister für Europaangelegenheiten und Internationales in der Staatskanzlei (CSU) Eric Beißwenger
46%
Keine übereinstimmenden Quizze gefunden
Verteilung der Resultate
Anzahl Personen mit jedem Resultat
Perzentil nach korrekt beantworteten Fragen
Ihre Resultats-Entwicklung
Sie haben dieses Quiz noch nicht gespielt